000 00500nam a22001817a 4500
003 BDDh-ASL
005 20231015031018.0
008 220919s1868 ii ||||| |||| 00| 0 urd d
040 _aBDDh-ASL
_cBDDh-ASL
041 _aurd
082 _a297
_bHUI
100 1 _96562
_aHussain, Maulavi Mohammad Irshad
245 1 0 _aIntesarul haq : / انتصار الحق
260 _aBareilly :
_bSiddiqi Press ,
_c1868/1290 H.
300 _a416 p. :
_c30 cm.
650 0 _91652
_aIslam
942 _2ddc
_cBK
999 _c29261
_d29261